00000000nam##2200000za#4500
0019.682021
003CaOODSP
00520210615132648
007ta
008150407|2003||||xxc|||||     f|0| 0 fre|d
020 |a0-662-88348-9
040 |aCaOODSP|bfre
043 |an-cn---
0861 |aF1-23/2003-1F
1101 |aCanada. |bMinistère des finances.
24513|aLe discours du budget 2003 / |cLe vice-premier ministre et ministre des Finances, l'honorable John Manley, c.p., député.
2463 |aBâtir le Canada que nous souhaitions
260 |aOttawa - Ontario : |bFinances Canada |c2003.
300 |a21p. ; |c24 cm.
5203 |aCette brochure contient le texte du discours du budget de 2003 prononcé par le ministre des Finances à la Chambre des communes. Le discours porte sur la performance économique récente et les projections financières pour le pays et décrit les principaux investissements prévus dans le budget - soins de santé, familles et collectivités, innovation et apprentissage, amélioration du régime fiscal; environnement; villes et collectivités; aide internationale; et Forces canadiennes. On y trouve également les engagements en vue d'améliorer la reddition de comptes et la transparence du gouvernement.
563 |aCouverture souple
590 |a03-07|b2003-02-14
69107|aBudget|2gcpds
77508|tThe Budget speech 2003 / |w(CaOODSP)9.648760